=LDR 00000nam 2200000 4500 =001 INLIS000000000043953 =005 20150603163224.0 =006 =007 =008 ind =035 ##$$0010-101300000001875 =041 ##$$a ind =082 ##$$a 347.05 =090 ##$$a 347.05, Sur p =100 ##$$a Suroso, R =245 ##$$a Praktik hukum acara perdata, Contoh bentuk-bentuk surat di bidang kepengacaraan perdata, R. suroso =260 ##$$a 2005 $b Jakarta =300 ##$$a xiii, 305 hlm, 21 cm =650 ##$$a Hukum Acara Perdata =850 ##$$a NBPNMAT =990 ##$$a 0001/BPAP-NTB/20142014 =990 ##$$a 0001/BPAP-NTB/20142014 =990 ##$$a 0001/BPAP-NTB/20142014 =990 ##$$a 0001/BPAP-NTB/20142014 =990 ##$$a 0215/BPAP-NTB/2015 =990 ##$$a 2090100551/BPAP-NTB/2015